000 00740nam a22002537a 4500
003 CHAP
005 20220329141645.0
008 971013s1992 r 00010 d
010 _a71723
011 _a72695
035 _a82251
040 _cCHAP
082 _a001.535
_bK3
100 0 0 _aKirsh, David
_eed.
_963370
245 _aFoundations of artificial inteligence
260 _aCambridge, Mass. :
_bElsevier,
_c1992
300 _a358 p.
_b: ilus.
590 _aBATCH-UPD
_b10
_c20130110
_lUCH01
_h0324
590 _aCONVERSION
_b10
_c20130109
_lUCH01
_h1339
650 1 4 _aInteligencia artificial.
_959507
901 _aBK
942 _cLIBRO
949 _a001.535 K3
_bBC
_cLIBRO
_d33724000225801
_eLIBRO
_gI.169906
_h85337
_i82251
_si
_t107.51
999 _c71723
_d71723